000 00702nam a22001817a 4500
999 _c18022
_d18022
003 OSt
005 20231026171334.0
008 230325b ||||| |||| 00| 0 eng d
040 _c0
082 _aDPer 647.94068 In821 2020 v21 no. 1-4
100 _aKim, Miyon.
_eauthor.
_948216
245 _aLifestyle and travel motivation of the elderly in South Korea :
_bbaseline characteristics and the relationship between demographic factors/
_cMiyon Kim, and Chulwoo Kim
260 _aUnited Kingdom :
_bTaylor & Francis Group,
_cApril-June 2020.
300 _aVolume 21, pages 141-164 illustration.
700 _aKim, Miyon.
_eauthor.
_948216
700 _aKim, Chulwoo.
_eauthor.
_948217
942 _2ddc
_cPER